| 000 | 01044cam a22003257a 4500 | ||
|---|---|---|---|
| 003 | CHAP | ||
| 005 | 20220329141552.0 | ||
| 008 | 971013s1984 r 00010 d | ||
| 010 | _a70288 | ||
| 011 | _a71260 | ||
| 035 | _a80814 | ||
| 040 | _cCHAP | ||
| 082 |
_a621.45 _bC3 |
||
| 100 | 0 | 0 |
_aCádiz Deleito, Juan Carlos. _923973 |
| 245 | 1 | 3 |
_aLa energía eólica _b: tecnología e historia |
| 260 |
_aMadrid : _bBlume, _c1984 |
||
| 300 |
_a221 p. _b: ilus. ; gráfs. ; mapas |
||
| 490 | 0 | _aEnergía, clima, diseño | |
| 590 |
_aBATCH-UPD _b10 _c20130110 _lUCH01 _h0651 |
||
| 590 |
_aBATCH-UPD _b10 _c20130110 _lUCH01 _h2322 |
||
| 590 |
_aBATCH-UPD _b10 _c20130410 _lUCH01 _h0335 |
||
| 590 |
_aBATCH-UPD _b10 _c20130914 _lUCH01 _h0951 |
||
| 590 |
_aCONVERSION _b10 _c20130109 _lUCH01 _h1339 |
||
| 650 | 1 | 4 |
_aEnergía eólica. _936903 |
| 650 | 1 | 4 |
_aMolinos de viento. _977425 |
| 830 | 0 |
_aEnergía, clima, diseño _936918 |
|
| 901 | _aBK | ||
| 942 | _cLIBRO | ||
| 949 |
_a621.45 C3 _bBC _cLIBRO _d33724000902987 _eLIBRO _gI. 130997 _h68245 _i80814 _si _t5.78 |
||
| 999 |
_c70288 _d70288 |
||